| 000 | 00699cam a22002294a 4500 | ||
|---|---|---|---|
| 001 | 14784532 | ||
| 005 | 20180122040109.0 | ||
| 008 | 070326s2007 maua 001 0 eng | ||
| 010 | _a 2007273099 | ||
| 020 | _a1418837717 (pbk.) | ||
| 020 | _a9781418837716 (pbk.) | ||
| 040 |
_aDLC _cDLC _dDLC |
||
| 041 | _aeng | ||
| 080 | _a006.696 ADA | ||
| 082 | 0 | 0 |
_a006.696 ADA _222 |
| 100 | 1 | _a28 | |
| 101 | _aSHK | ||
| 245 | 1 | 0 |
_aAlice in action : _cJoel Adams. |
| 906 |
_a7 _bcbc _corigres _d2 _encip _f20 _gy-gencatlg |
||
| 942 |
_2ddc _cBK |
||
| 999 |
_c40635 _d40635 |
||